[Event "Youth Classic 2019 - Youth Open U14"]
[Site "Bad Soden, Hasselgrundhalle"]
[Date "2019.10.05"]
[Round "6.4"]
[White "Weyerer, Noah"]
[Black "Lehmann, Nils"]
[Result "0-1"]
[WhiteElo "1362"]
[BlackElo "1629"]
[PlyCount "142"]
[EventDate "2019.??.??"]
[WhiteTeam "SV Oberursel"]
[BlackTeam "SV Lahn Limburg"]

1. f4 d5 2. Nf3 c5 3. e3 a6 4. Be2 Nc6 5. O-O Nf6 6. d3 g6 7. Qe1 Bg7 8. Bd1 e6
9. c3 b6 10. e4 Bb7 11. Bc2 Rc8 12. Qe2 Qc7 13. g3 O-O 14. e5 Nd7 15. Ng5 d4
16. c4 Nb4 17. Ba4 Bc6 18. Bxc6 Nxc6 19. Nd2 b5 20. Nde4 h6 21. Nf3 bxc4 22.
dxc4 Rb8 23. b3 Rfd8 24. Ne1 Nb4 25. Nd3 Nxd3 26. Qxd3 Nb6 27. Bd2 Nc8 28. Rf2
Ne7 29. Nd6 Nf5 30. Nxf5 exf5 31. Qe2 Qc6 32. Qf3 Qxf3 33. Rxf3 Re8 34. Kf2 Re6
35. a3 f6 36. exf6 Bxf6 37. Rd3 Re3 38. Bxe3 dxe3+ 39. Kxe3 Bxa1 40. a4 Re8+
41. Kf3 a5 42. Rd6 Kf7 43. Rb6 Bc3 44. Rb5 Bb4 45. Rb7+ Re7 46. Rb6 h5 47. Rd6
Re1 48. Rd3 Rc1 49. h4 Rc3 50. Rxc3 Bxc3 51. Ke2 g5 52. hxg5 Kg6 53. Kf3 Be1
54. Kg2 h4 55. gxh4 Bxh4 56. Kf3 Kh5 57. Ke3 Be1 58. Kd3 Bf2 59. Ke2 Bd4 60.
Kd3 Bg1 61. Kc3 Kg4 62. g6 Kh5 63. g7 Bd4+ 64. Kd3 Bxg7 65. b4 cxb4 66. c5 Bf8
67. Kc4 Bxc5 68. Kxc5 b3 69. Kb6 b2 70. Kxa5 b1=Q 71. Ka6 Qb8 0-1

[Event "Youth Classic 2019 - Youth Open U14"]
[Site "Bad Soden, Hasselgrundhalle"]
[Date "2019.10.05"]
[Round "6.5"]
[White "Middendorf, Sven-Jonas"]
[Black "Hery, Bastian"]
[Result "1/2-1/2"]
[WhiteElo "1382"]
[BlackElo "1425"]
[PlyCount "149"]
[EventDate "2019.??.??"]
[WhiteTeam "SV Hellas Nauen"]
[BlackTeam "Vorw.Orient Mainz"]

1. e4 e5 2. Nf3 Nf6 3. Nxe5 d6 4. Nf3 Nxe4 5. d4 d5 6. Bd3 Bf5 7. O-O Bd6 8.
Re1 O-O 9. Nbd2 Re8 10. Re2 Re7 11. Qe1 Nxd2 12. Bxd2 Bxd3 13. Rxe7 Qxe7 14.
Qxe7 Bxe7 15. cxd3 Nd7 16. Re1 Kf8 17. Bf4 c6 18. Be5 f6 19. Bf4 Re8 20. a3 Bd8
21. Rxe8+ Kxe8 22. h4 Nb6 23. g4 Kd7 24. b3 Be7 25. a4 Bd6 26. Bxd6 Kxd6 27.
Kf1 Nd7 28. Ke2 Ke6 29. b4 a6 30. a5 h6 31. Ke3 g5 32. hxg5 hxg5 33. Nh2 Kd6
34. f4 Nf8 35. f5 Nd7 36. Nf3 b6 37. Nd2 c5 38. dxc5+ bxc5 39. bxc5+ Kxc5 40.
Nb3+ Kb4 41. Kd4 Ne5 42. Nc5 Kxa5 43. Kxd5 Kb5 44. Ke6 Nxg4 45. Ne4 a5 46. Nxf6
Nxf6 47. Kxf6 g4 48. Ke6 g3 49. f6 g2 50. f7 g1=Q 51. f8=Q Qe3+ 52. Kd7 Qxd3+
53. Kc7 Qc4+ 54. Kb8 Ka4 55. Ka7 Qb4 56. Qe8+ Ka3 57. Qe3+ Ka2 58. Qe2+ Kb3 59.
Qd3+ Qc3 60. Qd1+ Ka3 61. Qd6+ Qb4 62. Qd3+ Ka4 63. Qd7+ Qb5 64. Qd4+ Kb3 65.
Qe3+ Kc4 66. Qe6+ Kc5 67. Qe5+ Kc6 68. Qe8+ Kc5 69. Qe5+ Kb4 70. Qb2+ Kc4 71.
Qe2+ Kb4 72. Qb2+ Kc5 73. Qe5+ Kc6 74. Qe8+ Kc5 75. Qe5+ 1/2-1/2

[Event "Youth Classic 2019 - Youth Open U14"]
[Site "Bad Soden, Hasselgrundhalle"]
[Date "2019.10.05"]
[Round "6.6"]
[White "Atar, Efecan"]
[Black "Eull, Emil"]
[Result "0-1"]
[WhiteElo "1417"]
[BlackElo "1504"]
[PlyCount "64"]
[EventDate "2019.??.??"]
[WhiteTeam "SK Kerpen"]
[BlackTeam "SF Neuberg"]

1. d4 Nf6 2. c4 e6 3. Nc3 Bb4 4. Qc2 O-O 5. e4 d5 6. cxd5 exd5 7. e5 Nfd7 8.
Bd3 h6 9. Nf3 Bxc3+ 10. bxc3 c5 11. O-O Nc6 12. Be3 cxd4 13. cxd4 Nb4 14. Qc3
Nxd3 15. Qxd3 Nb6 16. Qd2 Nc4 17. Qd3 Nxe3 18. Qxe3 Bf5 19. Rac1 Rc8 20. Qb3
Qd7 21. Rfd1 Rc6 22. e6 Rxe6 23. Ne5 Qe7 24. Qxd5 Rd8 25. Qf3 Bg6 26. Nxg6 fxg6
27. d5 Rf6 28. Qb3 Qf7 29. f3 Rfd6 30. Rc5 b6 31. Rb5 a6 32. Rxb6 Qa7 0-1

[Event "Youth Classic 2019 - Youth Open U14"]
[Site "Bad Soden, Hasselgrundhalle"]
[Date "2019.10.05"]
[Round "6.7"]
[White "Welker, Alexandra"]
[Black "Papadopoulos, Leon"]
[Result "1/2-1/2"]
[WhiteElo "1441"]
[BlackElo "1388"]
[PlyCount "71"]
[EventDate "2019.??.??"]
[WhiteTeam "TuS Makkabi"]
[BlackTeam "SV Oberursel"]

1. e4 e5 2. Nf3 Nc6 3. Bc4 Bc5 4. c3 Nf6 5. d4 exd4 6. e5 d5 7. Bb5 Ne4 8. cxd4
Bb6 9. O-O O-O 10. Bxc6 bxc6 11. Nc3 Bg4 12. Be3 Qe7 13. Na4 Rfd8 14. Nxb6 axb6
15. Bf4 c5 16. dxc5 bxc5 17. Re1 Rab8 18. b3 Nc3 19. Qd3 d4 20. Bg5 Qe6 21.
Bxd8 Rxd8 22. Nd2 Bf5 23. Qf3 Nd5 24. Rac1 Nb4 25. Ne4 Bxe4 26. Qxe4 Qe7 27. a3
Nd5 28. Red1 Nc3 29. Qf4 Nxd1 30. Rxd1 Re8 31. Re1 Rb8 32. Qf3 c4 33. bxc4 Qxe5
34. Rd1 Qc5 35. Qd3 g6 36. g3 1/2-1/2

[Event "Youth Classic 2019 - Youth Open U14"]
[Site "Bad Soden, Hasselgrundhalle"]
[Date "2019.10.05"]
[Round "6.8"]
[White "Dittenberger, Nico"]
[Black "Burkart, Lloyd Shang"]
[Result "0-1"]
[WhiteElo "1295"]
[BlackElo "1399"]
[PlyCount "166"]
[EventDate "2019.??.??"]
[WhiteTeam "SC Landskrone"]
[BlackTeam "TuS Makkabi"]

1. e4 c5 2. Nf3 e6 3. c3 Nf6 4. e5 Nd5 5. d4 cxd4 6. cxd4 Nc6 7. Nc3 d6 8. Bc4
Nb6 9. Bb5 dxe5 10. Nxe5 Bd7 11. Nxd7 Qxd7 12. O-O Rd8 13. Be3 a6 14. Bxc6 Qxc6
15. Rc1 Nd5 16. Nxd5 Qxd5 17. a3 Be7 18. h3 O-O 19. Rc7 Bd6 20. Rc3 Rc8 21. Qg4
Kh8 22. Bf4 Qxd4 23. Bxd6 Qxd6 24. Rd1 Qe7 25. Rxc8 Rxc8 26. Qd4 h6 27. Qd7 Rc7
28. Qxe7 Rxe7 29. Rd8+ Kh7 30. Rd3 Kg6 31. g4 Rc7 32. Kg2 Kf6 33. f4 g5 34. Kf3
Rc4 35. fxg5+ hxg5 36. Kg3 Rc7 37. Rf3+ Kg6 38. h4 gxh4+ 39. Kxh4 f5 40. gxf5+
exf5 41. Rd3 Kf6 42. Rd6+ Ke5 43. Rg6 Rc6 44. Rg7 Kf4 45. Kh3 Rb6 46. b4 Kf3
47. Rg3+ Kf4 48. Rg7 a5 49. bxa5 Rb3+ 50. Kg2 Rxa3 51. Rxb7 Rxa5 52. Rb4+ Ke5
53. Rh4 Ra7 54. Kf3 Ra3+ 55. Kg2 f4 56. Kf2 Ke4 57. Ke2 Ra2+ 58. Kd1 Ke3 59.
Rh8 f3 60. Re8+ Kf2 61. Rf8 Kg2 62. Rg8+ Kf1 63. Rf8 f2 64. Rf7 Re2 65. Rf8 Re3
66. Kd2 Rg3 67. Rf7 Rg2 68. Kd1 Kg1 69. Re7 f1=Q+ 70. Re1 Qxe1+ 71. Kxe1 Kh2
72. Kd1 Kg3 73. Ke1 Rf2 74. Kd1 Kf3 75. Ke1 Ke3 76. Kd1 Re2 77. Kc1 Rd2 78. Kb1
Kd3 79. Kc1 Kc3 80. Kb1 Rc2 81. Ka1 Kb3 82. Kb1 Rc8 83. Ka1 Rc1# 0-1

[Event "Youth Classic 2019 - Youth Open U14"]
[Site "Bad Soden, Hasselgrundhalle"]
[Date "2019.10.05"]
[Round "6.9"]
[White "Trenz, Finn"]
[Black "Strauß, Florian"]
[Result "1/2-1/2"]
[WhiteElo "1471"]
[BlackElo "1127"]
[PlyCount "40"]
[EventDate "2019.??.??"]
[WhiteTeam "SK Gau-Algesheim"]
[BlackTeam "SV Multatuli Ingelheim e.V."]

1. e4 d5 2. exd5 Nf6 3. Nc3 Nxd5 4. Nf3 Nxc3 5. bxc3 Bg4 6. Be2 Nc6 7. d4 Bxf3
8. Bxf3 e5 9. Bxc6+ bxc6 10. O-O exd4 11. Re1+ Be7 12. Qxd4 O-O 13. g3 Bf6 14.
Qxd8 Rfxd8 15. Rb1 Bxc3 16. Rf1 h6 17. Rb7 Ba5 18. Be3 Bb6 19. Bxb6 cxb6 20.
Rc1 g6 1/2-1/2

[Event "Youth Classic 2019 - Youth Open U14"]
[Site "Bad Soden, Hasselgrundhalle"]
[Date "2019.10.05"]
[Round "6.10"]
[White "Miranda Martin, Pablo Mateo"]
[Black "Schmid, Leon"]
[Result "0-1"]
[WhiteElo "1606"]
[BlackElo "1546"]
[PlyCount "94"]
[EventDate "2019.??.??"]
[WhiteTeam "SK Gau-Algesheim"]
[BlackTeam "SF Heidesheim"]

1. d4 Nf6 2. c4 g6 3. Nc3 Bg7 4. Nf3 O-O 5. e4 d6 6. Be2 e5 7. d5 Ne8 8. Bg5 f6
9. Bd2 f5 10. O-O f4 11. g3 g5 12. gxf4 gxf4 13. Re1 Qf6 14. Kh1 Qh6 15. b4 Nf6
16. a4 Bh3 17. Bf1 Bg4 18. Nb1 Qh5 19. Bg2 Bh6 20. Bc3 Rf7 21. Nbd2 Rg7 22. Rg1
Kh8 23. Qe2 Nbd7 24. Qd3 Rag8 25. Raf1 Bh3 26. Bxh3 Qxh3 27. Nxe5 Qh4 28. Ndf3
Nxe5 29. Bxe5 Rxg1+ 30. Rxg1 Rxg1+ 31. Kxg1 Qg4+ 32. Kh1 dxe5 33. Nxe5 Qg7 34.
f3 Nd7 35. Nxd7 Qxd7 36. Qd4+ Qg7 37. Qxg7+ Kxg7 38. Kg2 Kf7 39. Kf2 Ke7 40.
Ke2 Kd6 41. Kd3 c6 42. c5+ Kd7 43. Kc4 Bg7 44. d6 b6 45. Kb3 Bd4 46. Kc4 Be3
47. Kd3 bxc5 0-1

[Event "Youth Classic 2019 - Youth Open U14"]
[Site "Bad Soden, Hasselgrundhalle"]
[Date "2019.10.05"]
[Round "6.11"]
[White "Goetz, Fenja"]
[Black "Akhmatovski, Maxim"]
[Result "1-0"]
[WhiteElo "1490"]
[BlackElo "1359"]
[PlyCount "67"]
[EventDate "2019.??.??"]
[WhiteTeam "SK Bad Homburg"]
[BlackTeam "SV Oberursel"]

1. e4 e5 2. Nf3 Nc6 3. d4 exd4 4. Bc4 Nf6 5. e5 Qe7 6. O-O Ng4 7. Re1 Qc5 8.
Bd3 Be7 9. Bf4 h5 10. h3 Nh6 11. Nbd2 b6 12. Nb3 Qd5 13. Be4 Qc4 14. Nbxd4 Bb7
15. Bd3 Qb4 16. c3 Qxb2 17. Re2 Qxc3 18. Nb5 Qb4 19. Re4 Qc5 20. Rc1 O-O-O 21.
Rxc5 Bxc5 22. Rc4 a6 23. Nbd4 Rhe8 24. Be4 Bxd4 25. Nxd4 Nxe5 26. Bxb7+ Kxb7
27. Rc1 f6 28. Qc2 c5 29. Nb3 g5 30. Be3 d5 31. Rb1 Ka7 32. Qb2 Nd3 33. Qxf6 d4
34. Nxd4 1-0

[Event "Youth Classic 2019 - Youth Open U14"]
[Site "Bad Soden, Hasselgrundhalle"]
[Date "2019.10.05"]
[Round "6.12"]
[White "Gold, Jan Christian"]
[Black "Melchior, Christopher"]
[Result "1-0"]
[WhiteElo "1430"]
[BlackElo "1229"]
[PlyCount "65"]
[EventDate "2019.??.??"]
[WhiteTeam "Hamburger SK"]
[BlackTeam "SK Gernsheim"]

1. d4 d5 2. c4 e6 3. Nc3 Nf6 4. Bg5 Bb4 5. Qa4+ Nc6 6. Nf3 Bd7 7. Qb3 O-O 8. e3
h6 9. Bxf6 Qxf6 10. cxd5 Bxc3+ 11. bxc3 exd5 12. Qxd5 Be6 13. Qe4 Rfe8 14. Qd3
a6 15. Be2 Bf5 16. Qd2 Qg6 17. Nh4 Qg5 18. Nxf5 Qxf5 19. O-O Re6 20. d5 Rd6 21.
c4 Rad8 22. Rad1 Ne5 23. Bd3 Qg5 24. f4 Nxc4 25. fxg5 Nxd2 26. Rxd2 Rxd5 27.
Rfd1 c5 28. Bh7+ Kxh7 29. Rxd5 Rxd5 30. Rxd5 b6 31. gxh6 Kxh6 32. Rd6+ Kh7 33.
Rxb6 1-0

[Event "Youth Classic 2019 - Youth Open U14"]
[Site "Bad Soden, Hasselgrundhalle"]
[Date "2019.10.05"]
[Round "6.13"]
[White "Nedilko, Marko"]
[Black "Haller, Andreas"]
[Result "1-0"]
[WhiteElo "1407"]
[BlackElo "1087"]
[PlyCount "67"]
[EventDate "2019.??.??"]
[WhiteTeam "SC ML Kastellaun"]
[BlackTeam "SC Bad Soden"]

1. e4 e5 2. Nf3 Nc6 3. Bc4 Bc5 4. c3 Nf6 5. d4 exd4 6. cxd4 Bb4+ 7. Nc3 Nxe4 8.
O-O Bxc3 9. d5 Ne7 10. bxc3 d6 11. Re1 f5 12. Ng5 O-O 13. Qh5 Nf6 14. Qf3 h6
15. Ne6 Bxe6 16. dxe6 d5 17. Bd3 Nh7 18. Qg3 Kh8 19. c4 c6 20. Bb2 d4 21. c5
Qd5 22. Qd6 Qxd6 23. cxd6 Nd5 24. e7 Rfe8 25. Bxf5 Nhf6 26. Bg6 Rg8 27. Bxd4 b6
28. Bxf6 Nxf6 29. Bf7 Rgb8 30. Rad1 g5 31. d7 Kg7 32. e8=Q Nxe8 33. dxe8=Q Rxe8
34. Rxe8 1-0

[Event "Youth Classic 2019 - Youth Open U14"]
[Site "Bad Soden, Hasselgrundhalle"]
[Date "2019.10.05"]
[Round "6.14"]
[White "Kanno, Clara Yumi"]
[Black "Alt, Johannes"]
[Result "0-1"]
[WhiteElo "1142"]
[BlackElo "1200"]
[PlyCount "118"]
[EventDate "2019.??.??"]
[WhiteTeam "SK Altenkirchen"]
[BlackTeam "SF Heidesheim"]

1. e4 d6 2. d4 Nf6 3. Nc3 g6 4. Nf3 Bg7 5. Be3 O-O 6. Bd3 a6 7. O-O b5 8. a3
Bb7 9. h3 Nbd7 10. Qd2 Rc8 11. Bh6 c5 12. d5 c4 13. Be2 Nc5 14. Bxg7 Kxg7 15.
Qe3 Re8 16. Nh2 e6 17. dxe6 Rxe6 18. f3 d5 19. Rad1 Qe7 20. Qd4 dxe4 21. fxe4
Ncxe4 22. Bg4 Rd6 23. Qe3 Re8 24. Bf3 Rxd1 25. Nxd1 Qc7 26. Bxe4 Rxe4 27. Qf2
Re6 28. Ne3 Qb6 29. Nhg4 h5 30. Nxf6 Rxf6 31. Qxf6+ Qxf6 32. Rxf6 Kxf6 33. h4
Ke5 34. c3 Kf4 35. Kf2 f6 36. g3+ Ke4 37. Ke2 Bc8 38. Ng2 Bg4+ 39. Kf2 g5 40.
Ne1 gxh4 41. gxh4 Bc8 42. Nc2 Bh3 43. Ne1 Kf4 44. Nf3 f5 45. Ng1 Kg4 46. Nf3 f4
47. Ng1 Kxh4 48. Kf3 Bf1 49. Kxf4 Bg2 50. Ne2 Kh3 51. Nd4 Kh2 52. Nf3+ Bxf3 53.
Kxf3 Kg1 54. Kg3 Kf1 55. Kh4 Ke2 56. Kxh5 Kd2 57. Kg5 Kc2 58. Kf5 Kxb2 59. Ke5
Kxc3 0-1

[Event "Youth Classic 2019 - Youth Open U14"]
[Site "Bad Soden, Hasselgrundhalle"]
[Date "2019.10.05"]
[Round "6.15"]
[White "Vick, Edward"]
[Black "Negru, Maximilian"]
[Result "0-1"]
[WhiteElo "1242"]
[BlackElo "1326"]
[PlyCount "132"]
[EventDate "2019.??.??"]
[WhiteTeam "TuS Makkabi Wiesbaden"]
[BlackTeam "SK Bad Homburg"]

1. e4 e5 2. Nf3 Nc6 3. d4 exd4 4. Bc4 Nf6 5. Ng5 d5 6. Bxd5 Nxd5 7. exd5 Qxd5
8. Nc3 Qe5+ 9. Ne2 Bc5 10. Qd3 Bb4+ 11. c3 dxc3 12. bxc3 Be7 13. Nf3 Qf6 14.
O-O O-O 15. Bg5 Qg6 16. Qe3 Bg4 17. Bxe7 Nxe7 18. Qxe7 Bxf3 19. Ng3 Bc6 20.
Qxc7 f5 21. Qf4 Rad8 22. f3 Qd6 23. Qxd6 Rxd6 24. Rad1 Re6 25. Rfe1 Rxe1+ 26.
Rxe1 g6 27. Re2 Rd8 28. h4 Rd1+ 29. Kf2 Rc1 30. h5 Rxc3 31. hxg6 hxg6 32. Nf1
Kf7 33. Nd2 Bb5 34. Nb1 Rc1 35. Rb2 a6 36. Na3 Rc5 37. Nxb5 Rxb5 38. Rxb5 axb5
39. Ke2 Kf6 40. Ke3 Ke5 41. f4+ Kd5 42. Kd3 b4 43. g3 Kc5 44. Kc2 Kc4 45. Kb2
Kd3 46. Kb3 Ke3 47. Kxb4 Kf3 48. a4 Kxg3 49. a5 Kxf4 50. Kb5 g5 51. Kb6 g4 52.
Kxb7 g3 53. a6 g2 54. a7 g1=Q 55. Kb8 Qg8+ 56. Kb7 Qg7+ 57. Kb6 Qxa7+ 58. Kxa7
Ke4 59. Kb6 f4 60. Kc5 f3 61. Kc4 f2 62. Kc3 f1=Q 63. Kd2 Qf3 64. Ke1 Qg2 65.
Kd1 Kd3 66. Kc1 Qc2# 0-1

[Event "Youth Classic 2019 - Youth Open U14"]
[Site "Bad Soden, Hasselgrundhalle"]
[Date "2019.10.05"]
[Round "6.16"]
[White "Fischer, Juliane"]
[Black "Jiang, Philipp"]
[Result "1-0"]
[WhiteElo "1405"]
[BlackElo "915"]
[PlyCount "165"]
[EventDate "2019.??.??"]
[WhiteTeam "SK Gernsheim"]
[BlackTeam "SV Frankfurt Nord"]

1. e4 e5 2. Nf3 Nc6 3. Nc3 Nf6 4. a3 Be7 5. d4 exd4 6. Nxd4 O-O 7. Nxc6 dxc6 8.
Bd3 Bc5 9. Bg5 h6 10. Bh4 Re8 11. O-O Bg4 12. Qc1 Qd6 13. Kh1 Nd7 14. f4 Qd4
15. Bf2 Qf6 16. Bxc5 Nxc5 17. Qe3 Nxd3 18. Qxd3 Rad8 19. Qg3 Bc8 20. Rad1 b6
21. f5 Rxd1 22. Rxd1 Rd8 23. Rxd8+ Qxd8 24. h3 Qd6 25. e5 Qd2 26. f6 Qg5 27.
Qd3 a5 28. Qd8+ Kh7 29. Qxc8 Qxe5 30. Qa6 Qe1+ 31. Kh2 Qe5+ 32. Kg1 Qd4+ 33.
Kh2 Qf4+ 34. Kg1 Qe3+ 35. Kf1 Qc1+ 36. Kf2 Qxc2+ 37. Qe2 Qf5+ 38. Ke1 Qxf6 39.
Qe4+ g6 40. Kd2 Qf2+ 41. Ne2 Qf6 42. Nd4 c5 43. Nc2 Qd6+ 44. Kc3 Qg3+ 45. Kc4
Qd6 46. Qd5 Qf4+ 47. Kb5 Qf1+ 48. Kc6 Qf6+ 49. Kb7 Qxb2 50. Qxf7+ Kh8 51. Qxg6
Qe5 52. Qxh6+ Kg8 53. Qg6+ Kf8 54. g4 c4 55. g5 Qd5+ 56. Qc6 Qxg5 57. Qxc7 Qg2+
58. Qc6 Qxh3 59. Qxc4 Qd7+ 60. Kxb6 Qf5 61. Nd4 Qe5 62. Qc5+ Qxc5+ 63. Kxc5 Ke8
64. Kc6 Kd8 65. Kb7 Kd7 66. a4 Kd6 67. Kb6 Kd7 68. Nc6 Kc8 69. Ka7 Kc7 70. Nxa5
Kc8 71. Nb3 Kc7 72. Na5 Kc8 73. Nc4 Kc7 74. Nb6 Kc6 75. Ka6 Kc5 76. Nc4 Kc6 77.
a5 Kc7 78. Nd6 Kb8 79. Nb7 Ka8 80. Kb6 Kb8 81. Nd6 Ka8 82. Nb5 Kb8 83. Nc7 1-0

[Event "Youth Classic 2019 - Youth Open U14"]
[Site "Bad Soden, Hasselgrundhalle"]
[Date "2019.10.05"]
[Round "6.17"]
[White "Özyar, Arin"]
[Black "Riemann, Adrian"]
[Result "0-1"]
[WhiteElo "1345"]
[BlackElo "1105"]
[PlyCount "86"]
[EventDate "2019.??.??"]
[WhiteTeam "SC Bad Soden"]
[BlackTeam "SK Bickenbach"]

1. e4 e6 2. d4 d5 3. Nc3 Nf6 4. Bd3 c5 5. Nf3 Nc6 6. exd5 exd5 7. Be3 Qb6 8.
Na4 Qa5+ 9. c3 Bg4 10. Nxc5 Nxd4 11. b4 Nxf3+ 12. gxf3 Qa3 13. Qc2 Bxf3 14. Bc1
Qxc1+ 15. Rxc1 Bxh1 16. Qa4+ Kd8 17. Kd2 Bxc5 18. bxc5 Ne4+ 19. Ke3 Re8 20.
Qa5+ Kc8 21. Kd4 Nxf2 22. Bxh7 Kb8 23. Qb5 Re7 24. c6 a5 25. Qc5 Rc7 26. Re1
Be4 27. Bxe4 dxe4 28. Qf8+ Ka7 29. Qxg7 Rd8+ 30. Ke3 Nh3 31. Qg3 Rd3+ 32. Kxe4
Rxg3 33. hxg3 Re7+ 34. Kd5 Rxe1 35. c7 Re8 36. Kd6 Rc8 37. Kd7 Rxc7+ 38. Kxc7
Ng5 39. Kd7 Ne4 40. g4 f6 41. Ke7 Nf2 42. Kxf6 Nxg4+ 43. Kg6 Kb6 0-1

[Event "Youth Classic 2019 - Youth Open U14"]
[Site "Bad Soden, Hasselgrundhalle"]
[Date "2019.10.05"]
[Round "6.18"]
[White "Kosak, Karolina"]
[Black "Stiehl, Richard"]
[Result "1/2-1/2"]
[WhiteElo "1207"]
[BlackElo "1243"]
[PlyCount "102"]
[EventDate "2019.??.??"]
[WhiteTeam "SV Frankfurt Nord"]
[BlackTeam "SV Multatuli Ingelheim e.V."]

1. e4 e5 2. Nf3 Nc6 3. d4 exd4 4. Bc4 Bc5 5. c3 dxc3 6. Bxf7+ Kxf7 7. Qd5+ Ke8
8. Qh5+ g6 9. Qxc5 d6 10. Qxc3 Qf6 11. Bd2 h6 12. Qc2 Rh7 13. Bc3 Qf8 14. O-O
Bg4 15. Nd4 Nxd4 16. Bxd4 Nf6 17. Nc3 h5 18. Rae1 Kd7 19. e5 Bf5 20. Qa4+ c6
21. exf6 Bd3 22. Ne2 g5 23. f3 g4 24. Qb3 Ba6 25. Rf2 gxf3 26. Rxf3 Re8 27. Qc2
Rf7 28. Re3 c5 29. Rxe8 Qxe8 30. Bc3 Qe3+ 31. Kf1 d5 32. Qd2 Qxd2 33. Bxd2
Rxf6+ 34. Kg1 d4 35. Nc1 b5 36. b3 Bb7 37. Rf1 Rxf1+ 38. Kxf1 Kd6 39. Ke2 Kd5
40. g3 c4 41. Bb4 Ke4 42. bxc4 bxc4 43. a3 d3+ 44. Ke1 Ba6 45. Bc3 Ke3 46. Na2
Bb5 47. Nb4 a5 48. Nd5+ Ke4 49. Nf6+ Ke3 50. Nxh5 Kf3 51. Nf4 a4 1/2-1/2

[Event "Youth Classic 2019 - Youth Open U14"]
[Site "Bad Soden, Hasselgrundhalle"]
[Date "2019.10.05"]
[Round "6.19"]
[White "Li, Toplink"]
[Black "Barthel, Jacob"]
[Result "1-0"]
[WhiteElo "987"]
[BlackElo "1160"]
[PlyCount "95"]
[EventDate "2019.??.??"]
[WhiteTeam "Frankfurter TV"]
[BlackTeam "SV Hellas Nauen"]

1. e4 e5 2. Nf3 Nc6 3. d4 exd4 4. Nxd4 d5 5. exd5 Qxd5 6. Be3 Bc5 7. Nc3 Qe5 8.
Bb5 Bd7 9. Nf3 Qe7 10. Nd5 Bb4+ 11. c3 Bxc3+ 12. bxc3 Qd8 13. Bc5 a6 14. Qe2+
Nge7 15. Bxc6 O-O 16. Bxe7 Re8 17. Bxb7 Rb8 18. Bxd8 Rxe2+ 19. Kxe2 Rxb7 20.
Bxc7 Bc6 21. Ne7+ Kf8 22. Nxc6 Rxc7 23. Nfd4 Ke8 24. Rhe1 Kd7 25. Kd3 f5 26.
Re7+ Kd6 27. Rxc7 Kxc7 28. Rb1 f4 29. Kc4 f3 30. gxf3 g5 31. Ne6+ Kd6 32. Nxg5
a5 33. Rd1+ Kc7 34. Rd5 h6 35. Nxa5 h5 36. Rf5 h4 37. Rf6 h3 38. Kc5 Kd7 39.
Ra6 Ke7 40. Kd5 Kd7 41. Ra7+ Kc8 42. Kc6 Kd8 43. Nb3 Ke8 44. Kd6 Kf8 45. Ke6
Kg8 46. Kf6 Kh8 47. Kg6 Kg8 48. Ra8# 1-0

[Event "Youth Classic 2019 - Youth Open U14"]
[Site "Bad Soden, Hasselgrundhalle"]
[Date "2019.10.05"]
[Round "6.20"]
[White "Yakubjanov, Damin"]
[Black "Sadri, Adrian"]
[Result "1-0"]
[WhiteElo "1259"]
[BlackElo "1243"]
[PlyCount "71"]
[EventDate "2019.??.??"]
[WhiteTeam "Schachakademie Trier"]
[BlackTeam "SC Bad Soden"]

1. e4 e5 2. Nf3 Nc6 3. Nc3 Bc5 4. Bb5 a6 5. Ba4 Nf6 6. d3 d5 7. Nxe5 Bd7 8.
Nxc6 Bxc6 9. Bxc6+ bxc6 10. O-O d4 11. Ne2 O-O 12. Bg5 h6 13. Bh4 Qd6 14. Ng3
Nd7 15. Nf5 Qe6 16. Qg4 g6 17. Nxh6+ Kh7 18. Qxe6 fxe6 19. Ng4 Rf4 20. f3 Rb8
21. b3 Ne5 22. Bg3 Nxg4 23. Bxf4 Rc8 24. fxg4 Bb4 25. Be5 Bc3 26. Rab1 Bd2 27.
Rf7+ Kg8 28. Rbf1 Be3+ 29. Kh1 Bh6 30. h4 g5 31. hxg5 Bxg5 32. Rg7+ Kh8 33.
Rff7 Bh6 34. Rg6+ Bg7 35. Rgxg7 Rb8 36. Rg6# 1-0

[Event "Youth Classic 2019 - Youth Open U14"]
[Site "Bad Soden, Hasselgrundhalle"]
[Date "2019.10.05"]
[Round "6.21"]
[White "Sauer, Daniel"]
[Black "Malsy, Lotte"]
[Result "1-0"]
[WhiteElo "1133"]
[BlackElo "793"]
[PlyCount "129"]
[EventDate "2019.??.??"]
[WhiteTeam "Post  Schw. Hall"]
[BlackTeam "SC Bad Soden"]

1. e4 e5 2. Nf3 Nc6 3. Bc4 Bc5 4. b4 Bb6 5. O-O Nf6 6. d3 d6 7. b5 Na5 8. Bg5
Nxc4 9. dxc4 Be6 10. Qd3 Qd7 11. Bxf6 gxf6 12. Nc3 f5 13. Rfe1 O-O-O 14. a4 a5
15. Ng5 fxe4 16. Ncxe4 h6 17. Nf6 Qe7 18. Nge4 Bc5 19. Nd5 Bxd5 20. Qxd5 Bb4
21. c3 Qe6 22. Qxe6+ fxe6 23. cxb4 axb4 24. Rab1 d5 25. Nd2 c5 26. bxc6 bxc6
27. Rxb4 Kc7 28. Rxe5 Kd6 29. f4 Rb8 30. Rxb8 Rxb8 31. cxd5 cxd5 32. Re3 Ra8
33. Ra3 Rf8 34. g3 Rc8 35. a5 Ra8 36. Nb3 e5 37. fxe5+ Kxe5 38. a6 d4 39. Nc5
Kd5 40. Nd3 Kc4 41. a7 Kb5 42. Rb3+ Ka6 43. Ra3+ Kb6 44. Nb4 Rxa7 45. Rxa7 Kxa7
46. Nc6+ Kb7 47. Nxd4 Kc7 48. g4 Kd6 49. Nf5+ Ke6 50. Nxh6 Kf6 51. h4 Kg6 52.
g5 Kh5 53. Kg2 Kg6 54. Kg3 Kh5 55. Nf5 Kg6 56. Kg4 Kh7 57. h5 Kh8 58. g6 Kg8
59. g7 Kf7 60. Kg5 Kg8 61. Kh6 Kf7 62. Kh7 Kf6 63. g8=Q Kxf5 64. Kg7 Ke5 65. h6
1-0

[Event "Youth Classic 2019 - Youth Open U14"]
[Site "Bad Soden, Hasselgrundhalle"]
[Date "2019.10.05"]
[Round "6.22"]
[White "Chen, Marvin"]
[Black "Chhajed, Divyam"]
[Result "1-0"]
[WhiteElo "914"]
[BlackElo "1112"]
[PlyCount "63"]
[EventDate "2019.??.??"]
[WhiteTeam "SC Bad Soden"]
[BlackTeam "SK Bickenbach"]

1. e4 e5 2. Nf3 Nc6 3. Bc4 Bc5 4. c3 d6 5. h3 Nf6 6. d4 exd4 7. cxd4 Bb4+ 8.
Nc3 Nxe4 9. Bd2 Nxc3 10. Bxc3 Bxc3+ 11. bxc3 Na5 12. Bb5+ c6 13. Bd3 Qe7+ 14.
Be2 Be6 15. O-O Qd7 16. Re1 O-O-O 17. Rc1 Bd5 18. c4 Bxf3 19. Bxf3 Rhe8 20. Qa4
Rxe1+ 21. Rxe1 Qc7 22. d5 c5 23. Re8 Rxe8 24. Qxe8+ Qd8 25. Bg4+ Kc7 26. Qxf7+
Kb8 27. Qxg7 Nxc4 28. Qxh7 a6 29. Be2 Nb6 30. g4 Nxd5 31. Bf3 Nf6 32. Qxb7# 1-0

[Event "Youth Classic 2019 - Youth Open U14"]
[Site "Bad Soden, Hasselgrundhalle"]
[Date "2019.10.05"]
[Round "6.23"]
[White "Bernig Le Duigou, Vincent"]
[Black "Tychyna, Margarita"]
[Result "1/2-1/2"]
[WhiteElo "1222"]
[BlackElo "1088"]
[PlyCount "61"]
[EventDate "2019.??.??"]
[WhiteTeam "SV Oberursel"]
[BlackTeam "SK Bad Homburg"]

1. d4 d5 2. c4 e6 3. cxd5 exd5 4. Nc3 Bb4 5. Nf3 Nf6 6. Bg5 h6 7. Bh4 g5 8. Bg3
Ne4 9. Qc2 Bf5 10. Qc1 Nd7 11. a3 Bxc3+ 12. bxc3 Nb6 13. Nd2 Nxg3 14. hxg3 Qe7
15. c4 dxc4 16. Nxc4 Nxc4 17. Qxc4 O-O-O 18. f3 Be6 19. Qc3 b6 20. e3 f5 21.
Kf2 Qf7 22. Rc1 c6 23. Bc4 Kb8 24. Bxe6 Qxe6 25. Qc4 Qd6 26. a4 f4 27. gxf4
gxf4 28. Rhd1 fxe3+ 29. Kxe3 Rhe8+ 30. Kf2 Qe7 31. Rc3 1/2-1/2

[Event "Youth Classic 2019 - Youth Open U14"]
[Site "Bad Soden, Hasselgrundhalle"]
[Date "2019.10.05"]
[Round "6.24"]
[White "Roos Nazario, Lukas"]
[Black "Rodermel, Leonie"]
[Result "0-1"]
[WhiteElo "807"]
[BlackElo "1066"]
[PlyCount "104"]
[EventDate "2019.??.??"]
[WhiteTeam "TTC Gr\/n-Weiá Fritzdorf"]
[BlackTeam "SV Oberursel"]

1. e4 e5 2. Nf3 Nc6 3. d3 Nf6 4. g3 Bc5 5. Bg2 h6 6. Nc3 d5 7. O-O Bg4 8. Re1
d4 9. Nb1 O-O 10. Nbd2 Bb4 11. Re2 Re8 12. h3 Bh5 13. Nc4 Qd7 14. Kh2 a5 15.
Bd2 Bxd2 16. Ncxd2 Rad8 17. c4 dxc3 18. bxc3 Qxd3 19. Re3 Bxf3 20. Rxd3 Bxd1
21. Rxd8 Rxd8 22. Rxd1 b5 23. Bf3 Rd3 24. Be2 Rxc3 25. Bxb5 Nb4 26. Nb1 Rc2 27.
Rd2 Rxd2 28. Nxd2 Nxa2 29. Nc4 Nxe4 30. f3 Nec3 31. Bd7 a4 32. Kg2 Kf8 33. Kf2
e4 34. fxe4 Nxe4+ 35. Kf3 Nc5 36. Bc6 Ke7 37. Ke3 Nb4 38. Be4 Nxe4 39. Kxe4 Ke6
40. Kd4 g5 41. g4 f5 42. Kc5 Nc2 43. Kc6 a3 44. Kxc7 a2 45. Nd6 fxg4 46. hxg4
a1=Q 47. Kc6 Qc3+ 48. Kb6 Kxd6 49. Kb5 Nd4+ 50. Ka6 Qb4 51. Ka7 Kc7 52. Ka6
Qb6# 0-1